Candidats de Koh-Lanta #2 (Saisons 28 à 31) - Statistiques

Statistiques générales
  • Ce quiz a été pris 251 fois
    66 depuis la dernière actualisation
  • Le résultat moyen est 66 sur 90
Statistiques - réponses
Saisons Candidats % Correct
Le totem maudit Bastien
87%
Le feu sacré Tania
87%
Le feu sacré Frédéric
87%
La tribu maudite Frédéric
87%
Le totem maudit Pauline
87%
Les chasseurs d'Immunité Pauline
87%
Le totem maudit Anne-Sophie
83%
Le feu sacré Anne Sophie
83%
Le feu sacré Julie
83%
Le feu sacré Nicolas
83%
Le totem maudit François
83%
La tribu maudite Ilyesse
83%
Les chasseurs d'Immunité Jean
83%
Les chasseurs d'Immunité Julie
83%
Le totem maudit Nicolas
83%
Les chasseurs d'Immunité Sara
83%
Le totem maudit Ambre
78%
Le totem maudit Benjamin
78%
La tribu maudite Cassandre
78%
La tribu maudite Fabrice
78%
Le feu sacré Benjamin
78%
Le feu sacré Rudy
78%
La tribu maudite Gustin
78%
Le totem maudit Jean Charles
78%
Les chasseurs d'Immunité Léa
78%
Les chasseurs d'Immunité Léa
78%
Le totem maudit Lili
78%
Le totem maudit Louana
78%
Le totem maudit Maxime
78%
Les chasseurs d'Immunité Maxime
78%
La tribu maudite Maxime
78%
Les chasseurs d'Immunité Mégane
78%
Les chasseurs d'Immunité Sébastien
78%
Le totem maudit Setha
78%
La tribu maudite Thibault
78%
La tribu maudite Ugo
78%
Le totem maudit Yannick
78%
Le totem maudit Alexandra
74%
La tribu maudite Alexandre
74%
Les chasseurs d'Immunité Amri
74%
Les chasseurs d'Immunité Cécile
74%
La tribu maudite Cécile
74%
La tribu maudite Cécile
74%
Le totem maudit Céline
74%
La tribu maudite Charlotte
74%
Le totem maudit Colin
74%
La tribu maudite Emmanuelle
74%
Le feu sacré Alexandre
74%
Le feu sacré Esteban
74%
La tribu maudite Jacques
74%
Le totem maudit Jean-Philippe
74%
La tribu maudite Marie
74%
Les chasseurs d'Immunité Meïssa
74%
La tribu maudite Mélissa
74%
Le totem maudit Olga
74%
Le totem maudit Samira
74%
La tribu maudite Sophia
74%
Les chasseurs d'Immunité Alexis
70%
Les chasseurs d'Immunité David
70%
Le feu sacré Clémence
70%
Le feu sacré Christine
70%
Le feu sacré Laura
70%
Le feu sacré Gilles
70%
Le totem maudit Fouzi
70%
Le totem maudit Franck
70%
Le totem maudit Géraldine
70%
La tribu maudite Lola
70%
La tribu maudite Nathanaël
70%
Les chasseurs d'Immunité Ricky
70%
La tribu maudite Vanessa
70%
La tribu maudite Ari
65%
Les chasseurs d'Immunité Aurélien
65%
Le feu sacré Grâce
65%
Le feu sacré Quentin
65%
Le totem maudit Mattéo
65%
Les chasseurs d'Immunité Océane
65%
Le totem maudit Stéphanie
65%
Les chasseurs d'Immunité Steve
65%
Les chasseurs d'Immunité Emilie
61%
Le feu sacré Emin
61%
Le feu sacré Helena
61%
Le feu sacré Martin
61%
La tribu maudite Maud
61%
La tribu maudite Michel
61%
La tribu maudite Sarah
61%
Les chasseurs d'Immunité William
61%
Les chasseurs d'Immunité Alicia
57%
Le feu sacré Célia
57%
Le feu sacré Élodie
57%
Les chasseurs d'Immunité Nathalie
48%
Aucun quiz correspondant
Distribution des résultats
% des personnes avec chaque résultat
Percentile par nombre de réponses
Votre historique - résultats
Vous n’avez pas pris ce quiz depuis la dernière actualisation